Budúcnosť bilaterálnych vzťahov medzi Kolumbiou a Venezuelou

Kolumbia a Venezuela sú v súčasnosti dve krajiny s pravdepodobne najhoršími vzájomnými vzťahmi v Južnej Amerike. Otvorený ozbrojený konflikt alebo zmrazenie obchodných vzťahov medzi oboma krajinami je v najbližšej budúcnosti vysoko nepravdepodobné a ich bilaterálne vzťahy sa budú pohybovať v prevažn...

Descrizione completa

Salvato in:
Dettagli Bibliografici
Autore principale: Reťkovský, Peter
Natura: Capitolo di libro
Lingua:slovacco
Soggetti:
Tags: Aggiungi Tag
Nessun Tag, puoi essere il primo ad aggiungerne!!

MARC

LEADER 00000nla$a2200000$$$4500
001 0136721
005 20240502072530.6
041 0 |a slo 
044 |a SK 
245 1 0 |a Budúcnosť bilaterálnych vzťahov medzi Kolumbiou a Venezuelou  |c Peter Reťkovský 
520 |a Kolumbia a Venezuela sú v súčasnosti dve krajiny s pravdepodobne najhoršími vzájomnými vzťahmi v Južnej Amerike. Otvorený ozbrojený konflikt alebo zmrazenie obchodných vzťahov medzi oboma krajinami je v najbližšej budúcnosti vysoko nepravdepodobné a ich bilaterálne vzťahy sa budú pohybovať v prevažne napätej, no napospol v konštruktívnej rovine. 
610 2 0 |a Kolumbia 
610 2 0 |a Venezuela 
610 2 0 |a vzťahy bilaterálne 
610 2 0 |a vzťahy zahraničné 
100 1 |a Reťkovský, Peter